Hamlet / (Record no. 19278)

000 -LEADER
fixed length control field 00967cam a2200301 a 4500
001 - CONTROL NUMBER
control field 2910190
005 - DATE AND TIME OF LATEST TRANSACTION
control field 20170116083352.0
008 - FIXED-LENGTH DATA ELEMENTS--GENERAL INFORMATION
fixed length control field 880516s1988 mau b 001 0 eng
010 ## - LIBRARY OF CONGRESS CONTROL NUMBER
LC control number 88016007
020 ## - INTERNATIONAL STANDARD BOOK NUMBER
International Standard Book Number 0805787062
020 ## - INTERNATIONAL STANDARD BOOK NUMBER
International Standard Book Number 0805787100 (pbk.)
050 00 - LIBRARY OF CONGRESS CALL NUMBER
Classification number PR2807 .W35 1988
100 1# - MAIN ENTRY--PERSONAL NAME
Personal name Watts, Cedric Thomas.
245 10 - TITLE STATEMENT
Title Hamlet /
Statement of responsibility, etc. Cedric Watts.
260 ## - PUBLICATION, DISTRIBUTION, ETC. (IMPRINT)
Place of publication, distribution, etc. Boston :
Name of publisher, distributor, etc. Twayne Publishers,
Date of publication, distribution, etc. c1988.
300 ## - PHYSICAL DESCRIPTION
Extent xlviii, 93 p. ;
Dimensions 22 cm.
440 #0 - SERIES STATEMENT/ADDED ENTRY--TITLE
Title Twayne's new critical introductions to Shakespeare
500 ## - GENERAL NOTE
General note Includes index.
504 ## - BIBLIOGRAPHY, ETC. NOTE
Bibliography, etc Bibliography: p. 86-87.
600 10 - SUBJECT ADDED ENTRY--PERSONAL NAME
Personal name Shakespeare, William,
Dates associated with a name 1564-1616.
Title of a work Hamlet.
600 00 - SUBJECT ADDED ENTRY--PERSONAL NAME
Personal name Hamlet
Titles and other words associated with a name (Legendary character)
650 #0 - SUBJECT ADDED ENTRY--TOPICAL TERM
Topical term or geographic name as entry element Tragedy.
942 ## - ADDED ENTRY ELEMENTS (KOHA)
Source of classification or shelving scheme
Koha item type Hard Covered Materials
Holdings
Withdrawn status Lost status Source of classification or shelving scheme Damaged status Not for loan Home library Current library Shelving location Date acquired Source of acquisition Total Checkouts Full call number Barcode Date last seen Price effective from Koha item type
          MACHAKOS UNIVERSITY LIBRARY MACHAKOS UNIVERSITY LIBRARY Technical section 16/01/2017 Donation(BFA)   PR2807 .W35 1988 29662 31/05/2018 16/01/2017 Hard Covered Materials
© Machakos University Library, Along The Highway, Machakos Wote Rd, Machakos, Kenya P.O. Box 136 - 90100 Machakos - Kenya

Tel: ( +254 ) 723 805829 OR Fax : 044-20353 OR Email: library@mksu.ac.ke